La riada / (Record no. 166638)

MARC details
000 -LEADER
campo de control de longitud fija 01036nam a2200241 i 4500
001 - NÚMERO DE CONTROL
campo de control 166638
003 - IDENTIFICADOR DE NÚMERO DE CONTROL
campo de control ES-MaACL
005 - FECHA Y HORA DE LA ÚLTIMA TRANSACCIÓN
campo de control 20250905135911.0
008 - DATOS DE LONGITUD FIJA--INFORMACIÓN GENERAL
campo de control de longitud fija 981209s1784 sp |||| | spa d
100 1# - ENTRADA PRINCIPAL--NOMBRE DE PERSONA
Nombre de persona Trigueros, Cándido María.
9 (RLIN) 111416
245 13 - MENCIÓN DEL TÍTULO
Título La riada /
Mención de responsabilidad, etc. por D. Cándido M. Trigueros ; descríbese la terrible inundación que molestó a Sevilla en los últimos días del año 1783, i los primeros de 1784.
260 ## - PUBLICACIÓN, DISTRIBUCIÓN, ETC.
Lugar de publicación, distribución, etc. En Sevilla :
Nombre del editor, distribuidor, etc. En la Ofic. de Vázquez y Comp.,
Fecha de publicación, distribución, etc. 1784.
300 ## - DESCRIPCIÓN FÍSICA
Extensión XXVI, 115 p. ;
Dimensiones 4º.
530 ## - NOTA DISPONIBLE DE FORMULARIO FÍSICO ADICIONAL
Nota de formato físico adicional disponible Disponible en formato digital.
597 ## - NOTA DE DESCRIPCIÓN FÍSICA
NOTA DE DESCRIPCIÓN FÍSICA Sign.: [ ]\p5\s, b-r\p4\s, s\p3\s.
650 #4 - PUNTO DE ACCESO ADICIONAL DE MATERIA--TÉRMINO DE MATERIA
Término de materia o nombre geográfico como elemento de entrada Inundaciones-
Subdivisión geográfica Sevilla.
9 (RLIN) 155018
651 #4 - PUNTO DE ACCESO ADICIONAL DE MATERIA--NOMBRE GEOGRÁFICO
Nombre geográfico Sevilla-
Subdivisión general Historia-
Subdivisión cronológica S.XVIII.
9 (RLIN) 165127
700 1# - ENTRADA AGREGADA--NOMBRE PERSONAL
Nombre de persona Vázquez, Manuel Nicolás,
Fechas asociadas al nombre fl. 1758-1796
9 (RLIN) 133579
752 ## - ENTRADA AGREGADA--NOMBRE JERÁRQUICO DEL LUGAR
País o entidad superior España -
Ciudad Sevilla
852 ## - LOCALIZACIÓN
Ubicación ES-MaACL
Número de control de estantería R-837-38(2)
Nota libre - Enc. hol.
Encuadernación Olim: G-1578-9
856 ## - LOCALIZACIÓN Y ACCESO ELECTRÓNICOS
Identificador Uniforme de Recursos <a href="http://bdh-rd.bne.es/viewer.vm?id=0000086516&page=1 ">http://bdh-rd.bne.es/viewer.vm?id=0000086516&page=1 </a>
Nota pública Biblioteca Digital Hispánica
Holdings
Estatus retirado Estado de pérdida Estado de daño No para préstamo Colección Biblioteca de origen Biblioteca actual Ubicación en estantería Fecha de adquisición Total de préstamos Signatura topográfica completa Código de barras Visto por última vez Precio de reemplazo Tipo de ítem Koha
        Colección digital Biblioteca del Ateneo de Madrid Biblioteca del Ateneo de Madrid Depósito 17/01/2008   R-837-38(4) 1174770 23/02/2023 23/02/2023 Libro impreso antiguo